The 1975 Songs - Statistics

General Stats
  • This quiz has been taken 2,240 times
  • The average score is 12 of 16
Answer Stats
Answer % Correct
Chocolate
93%
Sex
90%
Girls
88%
Robbers
87%
The 1975
82%
The City
81%
Settle Down
78%
Heart Out
74%
M.O.N.E.Y
73%
Talk!
70%
Menswear
69%
Pressure
67%
She Way Out
66%
Is There Somebody Who Can Watch You
63%
12
58%
An Encounter
56%
No matching quizzes found
Score Distribution
Percent of People with Each Score
Percentile by Number Answered
Your Score History
You have not taken this quiz